Kapitanowie La Liga 2019/20 - Statystyki

Ogólne statystyki
  • Ten quiz został rozwiązany 82 razy
  • Średni wynik to 6 z 20
Statystyki odpowiedzi
Hint Odpowiedź % Poprawnych
FC Barcelona Lionel Messi
100%
Real Madryt Sergio Ramos
92%
Atletico Madryt Koke
71%
Valencia Dani Parejo
57%
Athletico Bilbao Iker Muniain
30%
Sevilla Jesus Navas
26%
Villareal Mario Gaspar/Santi Cazorla
25%
Real Betis Joaquin
23%
Levante Jose Morales
22%
Deportivo Alaves Manu Garcia
22%
Real Sociedad Mikel Oyarzabal
22%
Celta Vigo Hugo Mallo
17%
Espanyol Javi Lopes/Victor Sanchez
9%
Getafe Jorge Molina
9%
Ossasuna Oier
8%
Granada Victor Diaz
6%
Mallorca Manolo Reina
5%
Real Valladoid Javi Moyano
4%
Eibar Gonzalo Escalante
3%
Leganes Unai Bostinza
0%
Nie znaleziono quizów pasujących do podanych kryteriów
Rozkład punktacji
Procent ludzi z każdym wynikiem
Percentyl według liczby udzielonych odpowiedzi
Twoja historia wyników
Nie rozwiązałeś tego quizu